Lettres á Léon Jogichès / (Record no. 105372)

MARC details
000 -LEADER
campo de control de longitud fija 01317nam a2200337 i 4500
001 - NÚMERO DE CONTROL
campo de control 105372
003 - IDENTIFICADOR DE NÚMERO DE CONTROL
campo de control ES-MaACL
005 - FECHA Y HORA DE LA ÚLTIMA TRANSACCIÓN
campo de control 20251111131011.0
007 - CAMPO FIJO DE DESCRIPCIÓN FÍSICA--INFORMACIÓN GENERAL
campo de control de longitud fija t|
008 - DATOS DE LONGITUD FIJA--INFORMACIÓN GENERAL
campo de control de longitud fija 060703s1971 fr |||| |dfre d
080 ## - NÚMERO DE LA CLASIFICACIÓN DECIMAL UNIVERSAL
Número de la Clasificación Decimal Universal 929 Rosa Luxemburg
080 ## - NÚMERO DE LA CLASIFICACIÓN DECIMAL UNIVERSAL
Número de la Clasificación Decimal Universal 929 Léon Jogichès
100 1# - ENTRADA PRINCIPAL--NOMBRE DE PERSONA
Nombre de persona Luxemburg, Rosa,
Fechas asociadas al nombre 1870-1919
9 (RLIN) 74894
245 10 - MENCIÓN DEL TÍTULO
Título Lettres á Léon Jogichès /
Mención de responsabilidad, etc. Rosa Luxemburg ; réunies, annotées et préparées par Félix Tych ; présentées et choisies pour l'édition française par Victor Fay ; [traduit du polonais par Claire Brendel ; notes adaptées par Karol Szurek].
260 ## - PUBLICACIÓN, DISTRIBUCIÓN, ETC.
Lugar de publicación, distribución, etc. Paris :
Nombre del editor, distribuidor, etc. Denoël :
-- Gonthier,
Fecha de publicación, distribución, etc. 1971.
300 ## - DESCRIPCIÓN FÍSICA
Extensión 348 p. ;
Dimensiones 22 cm.
490 1# - MENCIÓN DE SERIE
Mención de serie Femme
505 8# - NOTA DE CONTENIDO CON FORMATO
Nota de contenido con formato Contiene: I ;
Título 1894-1899 - II ;
-- 199-1914
600 14 - PUNTO DE ACCESO ADICIONAL DE MATERIA--NOMBRE DE PERSONA
Nombre de persona Luxemburg, Rosa,
Fechas asociadas al nombre 1870-1919-
Subdivisión general Correspondencia
9 (RLIN) 74895
600 14 - PUNTO DE ACCESO ADICIONAL DE MATERIA--NOMBRE DE PERSONA
Nombre de persona Luxemburg, Rosa,
Fechas asociadas al nombre 1870-1919
9 (RLIN) 74894
600 14 - PUNTO DE ACCESO ADICIONAL DE MATERIA--NOMBRE DE PERSONA
Nombre de persona Jogiches, Leo-
Subdivisión general Correspondencia.
9 (RLIN) 164995
700 1# - ENTRADA AGREGADA--NOMBRE PERSONAL
Nombre de persona Tych, Félix.
9 (RLIN) 111800
700 1# - ENTRADA AGREGADA--NOMBRE PERSONAL
Nombre de persona Fay, Victor.
9 (RLIN) 49018
700 1# - ENTRADA AGREGADA--NOMBRE PERSONAL
Nombre de persona Brendel, Claire.
9 (RLIN) 31578
700 1# - ENTRADA AGREGADA--NOMBRE PERSONAL
Nombre de persona Szurek, Karol.
9 (RLIN) 109004
830 0# - PUNTO DE ACCESO ADICIONAL DE SERIE-TÍTULO UNIFORME
Título uniforme Femme
9 (RLIN) 232709
852 ## - LOCALIZACIÓN
Ubicación ES-MaACL
Número de control de estantería AND-171
Nota libre . - Biblioteca Juan Andrade
-- (v. 1)
852 ## - LOCALIZACIÓN
Ubicación ES-MaACL
Número de control de estantería AND-174
Nota libre . - Biblioteca Juan Andrade
-- (v. 2)
942 ## - ELEMENTOS DE ENTRADA SECUNDARIOS (KOHA)
Fuente del sistema de clasificación o colocación Clasificación decimal universal
Holdings
Estatus retirado Estado de pérdida Estado de daño No para préstamo Biblioteca de origen Biblioteca actual Ubicación en estantería Fecha de adquisición Fuente de adquisición Total de préstamos Signatura topográfica completa Código de barras Visto por última vez Precio de reemplazo Tipo de ítem Koha
        Biblioteca del Ateneo de Madrid Biblioteca del Ateneo de Madrid Depósito 2 18/06/2018     AND-174 1198998 23/02/2023 23/02/2023 Libro impreso
        Biblioteca del Ateneo de Madrid Biblioteca del Ateneo de Madrid Depósito 2 17/01/2008     AND-171 1110002 23/02/2023 23/02/2023 Libro impreso